00233 a2200109 4500001000700000020000600007040001100013100001900024240003800043245003300081362000900114168352 a  cMagnum aDantas, Monica10aDanca: o enigma do movimentolpor10aDanca: o enigma do movimento0 a1899